Представление документа в формате RUSMARC

ПолеНазваниеЗначение
  Тип записи a
  Библиографический уровень m
001 Контрольный номер 1d75563a22e949ad836f09e579b77050
005 Дата корректировки 20140604114818.8
010 Индекс ISBN __
a ISBN 1561-4484
101 Язык документа 0_
a Язык текста rus
102 Страна публикации __
a Страна публикации RU
200 Заглавие и сведения об ответственности 1_
a Заглавие Оптимизация налогов
f Первые сведения об ответственности А. В. Анищенко
210 Выходные данные 1_
c Издательство Бухгалтерский учет
a Место издания М.
d Дата издания 2009
215 Физическое описание __
a Объем 128 с.
225 Серия 2_
a Серия Б- ка журн. " Бухгалтерский учет"
v Обозначение тома вып. 4
610 Ключевые слова 0_
a Ключевые слова налоговый учет
610 Ключевые слова 0_
a Ключевые слова налоговые режимы
610 Ключевые слова 0_
a Ключевые слова налогообложение
610 Ключевые слова 0_
a Ключевые слова оффшоры
610 Ключевые слова 0_
a Ключевые слова налоговая оптимизация
686 Индексы других классификаций __
a Классификационный индекс 65.052.9(2)261.413
2 Код системы rubbk
700 Автор _1
a Фамилия Анищенко
b Имя А. В.
g Полное личное имя Александр Владимирович
801 Источник записи _0
a Страна RU
b Организация РУК
c Дата составления 20090219
g Правила каталогизации PSBO
801 Источник записи _1
a Страна RU
b Организация РУК
c Дата составления 20090219
g Правила каталогизации PSBO
852 Данные о местонахождении __
i Авторский знак А 67
j Шифр хранения ББК 65.052
901 Тип документа __
t Тип документа m
938 Служебная информация __
a Название организации Головной вуз
b Имя БД BOOK
c Название АИБС АИБС ИРБИС